[Event "IECC KO-2051"]
[Site "IECC email"]
[Date "2004.01.05"]
[Round "?"]
[White "Chowdhury, Mizan"]
[Black "Jensen, Jeff"]
[Result "1-0"]
[WhiteElo "1391"]
[BlackElo "1440"]
[PlyCount "53"]
[EventDate "2004.??.??"]
[EventType "match (corr)"]
[EventRounds "2"]
[SourceTitle "Corr 2020"]
[Source "ChessBase"]
[SourceDate "2019.09.30"]
[SourceVersion "1"]
[SourceVersionDate "2019.09.30"]
[SourceQuality "1"]
[WhiteTeam "England"]
[BlackTeam "Australia"]
[WhiteTeamCountry "ENG"]
[BlackTeamCountry "AUS"]

1. e4 e5 2. Qh5 Nc6 3. Bc4 Qf6 4. c3 Bc5 5. Nf3 g6 6. Qg5 d5 7. Bxd5 Qxg5 8. Nxg5 Nh6 9. b4 Be7 10. Bxc6+ bxc6 11. Nf3 f6 12. d4 Nf7 13. Na3 exd4 14. Nxd4 c5 15. Ndb5 Kd7 16. Bf4 Bd6 17. Rd1 Kc6 18. Nxd6 Nxd6 19. bxc5 Kxc5 20. Bxd6+ cxd6 21. Rd5+ Kc6 22. 0-0 Be6 23. Rd2 d5 24. Re1 dxe4 25. Rxe4 Bf5 26. Rc4+ Kb7 27. Rb2+ 1-0

[Event "IECC KO-2050"]
[Site "IECC email"]
[Date "2003.12.08"]
[Round "?"]
[White "Lixa, Alberto"]
[Black "Chowdhury, Mizan"]
[Result "1-0"]
[WhiteElo "1506"]
[BlackElo "1400"]
[PlyCount "47"]
[EventDate "2003.??.??"]
[EventType "match (corr)"]
[EventRounds "2"]
[SourceTitle "Corr 2020"]
[Source "ChessBase"]
[SourceDate "2019.09.30"]
[SourceVersion "1"]
[SourceVersionDate "2019.09.30"]
[SourceQuality "1"]
[WhiteTeam "Portugal"]
[BlackTeam "England"]
[WhiteTeamCountry "POR"]
[BlackTeamCountry "ENG"]

1. c4 e5 2. g3 d5 3. Bg2 dxc4 4. Qa4+ Bd7 5. Qxc4 Nc6 6. Nf3 Bd6 7. d4 exd4 8. Nxd4 Nf6 9. Nxc6 Bxc6 10. Bxc6+ bxc6 11. Qxc6+ Nd7 12. Be3 0-0 13. Nc3 Ne5 14. Qe4 f5 15. Qd5+ Kh8 16. 0-0-0 Ng4 17. Bd4 Bf4+ 18. gxf4 Qh4 19. h3 Nxf2 20. Rdg1 Rg8 21. Bxg7+ Rxg7 22. Qxa8+ Qd8 23. Qxd8+ Rg8 24. Qxg8# 1-0